000 01399nam a2200373 i 4500
001 197708
003 ES-MaACL
005 20250828063306.0
008 250620s2000 sp | ||| ||spa
016 7 _abimoBNE20001268849
_2SpMaBN
017 _aM 26-2000
_bOficina Depósito Legal Madrid
020 _a844140643X
035 _a(OCoLC)432771824
035 _a(SpMaBN)bimo0001545145
040 _aSpMaBN
_bspa
_cSpMaBN
_erdc
080 _a615.322(035)
100 1 _aFernández Magdalena, Ana
_9241168
_eaut
245 1 3 _aLa farmacia natural de la abuela /
_cAna Fernández Magdalena ; ilustraciones de Cristina García Ganga.
250 _aSegunda edición: enero 2000
260 _aMadrid :
_bEdaf,
_c2000.
300 _a198 páginas :
_bilustrado a una tinta ;
_c22 cm.
336 _2rdacontent
_atexto
337 _2rdamedia
_asin mediación
338 _2rdacarrier
_avolumen
490 1 _aPlus vitae
650 4 _aFitoterapia
_2embne
_912893
700 1 _aGarcía Ganga, Cristina
_eill
_9242113
852 _aES-MaACL
_cDEPOJ
_jN-10580
_hDonación: José Lázaro García
_xEncuadernación cartoné
_9206703
903 _9234219
_aLázaro García, José
_ednr
942 _cMONOGRAFIA
_n0
999 _c197708
_d197708